Režisérsky prístup k dramaturgii vzhľadom na súčasnosť

Podrobná bibliografia
Hlavný autor: Belovič, Miroslav (Autor)
Médium: Článok
Jazyk:slovenčina
Predmet:

MARC

LEADER 00000nab a2200000 a 4500
001 vtls000022823
003 SK-MaSNL
005 20260305021640.0
008 250422c1979 xo 0 slo
015 |a SNBRB19rr/mm-uuuuu 
035 |a CL0032917 
035 |a urn:nbn:sk:snk-abdjuh 
035 |a (urnnbn)urn:nbn:sk:snk:ar-001lm7 
035 |a (uuid)77b9f93e-f78d-4fb7-bfc4-96d421bff484 
040 |a SNKBUCL  |b slo  |c SNKBUCL  |e AACR2 
041 0 |a slo 
044 |a xo  |c SK 
080 |a 792  |2 1981 
100 1 |a Belovič, Miroslav  |4 aut  |9 630738 
245 1 0 |a Režisérsky prístup k dramaturgii vzhľadom na súčasnosť  |c Miroslav Belovič 
650 0 7 |a divadelná réžia  |2 snkbucl  |9 3341 
650 0 7 |a divadelná dramaturgia  |2 snkbucl  |9 73590 
655 7 |a články z novín a časopisov  |2 snkbucl  |9 267496 
773 0 |t Javisko  |g Roč. 11, č. 2 (1979), s. 42-44 
850 |a Slovenská národná knižnica 
852 |a Slovenská národná knižnica 
954 |a odborná, vedecká literatúra pôvodná (slovenská)  |2 lita 
958 |a article19 
958 |a OND 
958 |a RK 
958 |a EUIPO 
992 |a RBX 
999 |c 3287413  |d 3289343